[Event "ICC tourney 1897 (3 2)"]
[Site "Internet Chess Club"]
[Date "2020.07.03"]
[Round "7"]
[White "Venom2020"]
[Black "premierchess"]
[Result "1-0"]
[WhiteElo "1740"]
[BlackElo "1696"]
[PlyCount "123"]
[EventDate "2020.??.??"]

1. e4 c6 2. d4 d5 3. exd5 cxd5 4. Bd3 Nf6 5. c3 Nc6 6. Bf4 Bg4 7. Qb3 Qd7 8.
Nd2 e6 9. Ngf3 Bd6 10. Bg3 O-O 11. O-O Rab8 12. a4 Qc7 13. Rfe1 Rfc8 14. Ne5
Bh5 15. Ndf3 Bg6 16. Nxg6 hxg6 17. Ne5 Bxe5 18. Bxe5 Nxe5 19. dxe5 Nd7 20. f4
Nc5 21. Qc2 Nxd3 22. Qxd3 Qb6+ 23. Qd4 Qxd4+ 24. cxd4 Rc4 25. Red1 Rbc8 26. b3
Rc2 27. Rd3 Rb2 28. Rad1 Rcc2 29. Rg3 Kf8 30. h4 Kg8 31. Rdd3 Rb1+ 32. Kh2 Rf1
33. Rg4 Kh7 34. Kg3 Rfc1 35. Kh3 Rh1+ 36. Kg3 Rhc1 37. Kh3 Kh6 38. Rgg3 Rh1+
39. Kg4 Rh2 40. Rc3 Rhxg2 41. Rxg2 Rxc3 42. Rg3 Rxg3+ 43. Kxg3 Kh5 44. Kh3 f5
45. Kg3 Kh6 46. Kf3 Kh7 47. Ke3 Kg8 48. Kd3 Kf7 49. Kc3 Ke7 50. Kb4 Kd7 51. Kc5
Kc7 52. a5 b6+ 53. axb6+ axb6+ 54. Kb5 Kb7 55. b4 Kc7 56. Ka6 Kc6 57. b5+ Kc7
58. Ka7 g5 59. hxg5 g6 60. Ka6 Kc8 61. Kxb6 Kb8 62. Kc6 1-0

[Event "ICC tourney 1897 (3 2)"]
[Site "Internet Chess Club"]
[Date "2020.07.03"]
[Round "6"]
[White "premierchess"]
[Black "Goran21"]
[Result "0-1"]
[WhiteElo "1721"]
[BlackElo "1668"]
[PlyCount "92"]
[EventDate "2020.??.??"]

1. e4 c5 2. Nf3 d6 3. d4 cxd4 4. Nxd4 e5 5. Nb5 a6 6. N5c3 Nf6 7. Bg5 Be6 8.
Nd2 Nbd7 9. Bc4 Be7 10. O-O Qc7 11. Qe2 O-O 12. a4 Rac8 13. Bxe6 fxe6 14. Kh1
h6 15. Be3 d5 16. exd5 exd5 17. Nxd5 Nxd5 18. Qg4 N7f6 19. Qe6+ Kh8 20. c4 Nxe3
21. fxe3 Qd7 22. Qxe5 Qxd2 23. Qxe7 Rce8 24. Qxb7 Ng4 25. Qxa6 Qxe3 26. h3 Nf2+
27. Kh2 Qe5+ 28. Kg1 Qg3 29. Qc6 Nxh3+ 30. Kh1 Nf2+ 31. Kg1 Qh4 32. g3 Qxg3+
33. Qg2 Nh3+ 34. Kh1 Qh4 35. Qh2 Rxf1+ 36. Rxf1 Qe4+ 37. Qg2 Qh4 38. Qh2 Qg4
39. Qg2 Qd7 40. c5 Ng5 41. c6 Qd6 42. Rc1 Re4 43. c7 Rh4+ 44. Kg1 Qd4+ 45. Qf2
Nh3+ 46. Kg2 Qxf2+ 0-1

[Event "ICC tourney 1897 (3 2)"]
[Site "Internet Chess Club"]
[Date "2020.07.03"]
[Round "4"]
[White "premierchess"]
[Black "Aleksandrov73"]
[Result "0-1"]
[WhiteElo "1707"]
[BlackElo "1837"]
[PlyCount "84"]
[EventDate "2020.??.??"]

1. e4 e5 2. Nf3 Nc6 3. Bb5 a6 4. Ba4 Nf6 5. O-O Be7 6. Re1 b5 7. Bb3 d6 8. c3
O-O 9. h3 Nb8 10. d4 Nbd7 11. Nbd2 c5 12. Nf1 Re8 13. Ng3 Bf8 14. a4 Rb8 15.
axb5 axb5 16. Ng5 c4 17. Bc2 h6 18. Nf3 Qc7 19. Be3 Bb7 20. Nh4 Ra8 21. Rxa8
Bxa8 22. Nhf5 Kh7 23. Qc1 Ng8 24. Qa1 Bb7 25. Qd1 g6 26. Nh4 Bg7 27. Nf3 Ngf6
28. Qd2 Ra8 29. h4 h5 30. Ng5+ Kg8 31. Ne2 Ng4 32. f3 Nxe3 33. Qxe3 Qb6 34. Kf2
Bh6 35. dxe5 Qxe3+ 36. Kxe3 dxe5 37. Nc1 f6 38. Rd1 Nc5 39. Rd6 fxg5 40. Rxg6+
Kh7 41. hxg5 Kxg6 42. gxh6 Kxh6 0-1

[Event "ICC tourney 1897 (3 2)"]
[Site "Internet Chess Club"]
[Date "2020.07.03"]
[Round "15"]
[White "tsohal"]
[Black "Bo002"]
[Result "1-0"]
[WhiteElo "1902"]
[BlackElo "1802"]
[PlyCount "41"]
[EventDate "2020.??.??"]

1. d4 Nf6 2. c4 e6 3. Nf3 b6 4. g3 Bb7 5. Bg2 Be7 6. O-O O-O 7. Re1 c5 8. d5
exd5 9. Nh4 d6 10. cxd5 b5 11. a4 a6 12. Nf5 Nbd7 13. Bf4 Nb6 14. axb5 axb5 15.
Rxa8 Bxa8 16. e4 Re8 17. Nc3 b4 18. Nb5 Nc8 19. Qa4 Bb7 20. Ra1 Qb6 21. Qa5 1-0

[Event "ICC tourney 1897 (3 2)"]
[Site "Internet Chess Club"]
[Date "2020.07.03"]
[Round "13"]
[White "Bo002"]
[Black "fishbein"]
[Result "0-1"]
[WhiteElo "1805"]
[BlackElo "2465"]
[PlyCount "102"]
[EventDate "2020.??.??"]

1. d4 Nf6 2. c4 g6 3. Nc3 Bg7 4. e4 d6 5. Nge2 O-O 6. Ng3 a6 7. h3 c5 8. d5 b5
9. cxb5 axb5 10. Bxb5 Ba6 11. Be2 Nbd7 12. O-O Bxe2 13. Ngxe2 Qa5 14. Qc2 Rfb8
15. Rd1 Qa6 16. a4 Ne8 17. Bg5 Kf8 18. Nb5 h6 19. Bf4 Ne5 20. Bxe5 Bxe5 21. f4
Bg7 22. Nec3 Qa5 23. Rf1 Kg8 24. Kh2 Nc7 25. Nxc7 Qxc7 26. Nb5 Qa5 27. g3 Qb4
28. Rfb1 Ra5 29. Kg2 Rba8 30. Nc3 Qc4 31. f5 g5 32. Kf3 Be5 33. Rc1 Kg7 34. b3
Qb4 35. h4 c4 36. Rab1 cxb3 37. Rxb3 Qc4 38. Ne2 Qxc2 39. Rxc2 Rxa4 40. Rc7 Bf6
41. hxg5 hxg5 42. Nc1 g4+ 43. Kf4 Kh6 44. Ne2 Rg8 45. Nc3 Ra1 46. Rb1 Ra3 47.
Rh1+ Kg7 48. Nb5 Rb3 49. Na7 Be5+ 50. Kxg4 Rxg3+ 51. Kh4 Rh8# 0-1

[Event "ICC tourney 1897 (3 2)"]
[Site "Internet Chess Club"]
[Date "2020.07.03"]
[Round "12"]
[White "helavir"]
[Black "Bo002"]
[Result "1-0"]
[WhiteElo "2128"]
[BlackElo "1791"]
[PlyCount "67"]
[EventDate "2020.??.??"]

1. e4 c5 2. Nf3 Nc6 3. Bb5 g6 4. Bxc6 dxc6 5. d3 Bg7 6. h3 e5 7. Nc3 Qc7 8. Be3
b6 9. a3 a5 10. Qd2 Ba6 11. O-O Nf6 12. Bh6 O-O 13. b3 Rad8 14. Nh2 c4 15. bxc4
Bxc4 16. Bxg7 Kxg7 17. f4 exf4 18. Rxf4 Be6 19. Raf1 Nd7 20. Rh4 h5 21. Rxh5
gxh5 22. Qg5+ Kh7 23. Qxh5+ Kg7 24. Qg5+ Kh7 25. Rf4 Qxf4 26. Qxf4 b5 27. e5 b4
28. axb4 axb4 29. Ne4 Bd5 30. Qf5+ Kg7 31. Qg5+ Kh7 32. Nf6+ Nxf6 33. exf6 Bxg2
34. Qg7# 1-0

[Event "ICC tourney 1897 (3 2)"]
[Site "Internet Chess Club"]
[Date "2020.07.03"]
[Round "8"]
[White "Bo002"]
[Black "justinchess"]
[Result "0-1"]
[WhiteElo "1693"]
[BlackElo "2138"]
[PlyCount "62"]
[EventDate "2020.??.??"]

1. d4 Nf6 2. c4 e6 3. g3 Bb4+ 4. Nd2 O-O 5. Bg2 d5 6. Ngf3 b6 7. a3 Be7 8. O-O
Bb7 9. cxd5 Bxd5 10. Qc2 Nbd7 11. e4 Bb7 12. b4 c5 13. bxc5 bxc5 14. Bb2 cxd4
15. Nxd4 Rc8 16. Qa4 Nc5 17. Qxa7 Ra8 18. Qxb7 Nxb7 19. e5 Nd5 20. Nc4 Bc5 21.
Nb5 Na5 22. Nd2 Rb8 23. a4 Nc7 24. Nxc7 Rxb2 25. Na6 Bxf2+ 26. Rxf2 Rxd2 27.
Rf4 Qb6+ 28. Kh1 Qxa6 29. Raf1 Qe2 30. R4f2 Qxf2 31. Rxf2 Rxf2 0-1

[Event "ICC tourney 1897 (3 2)"]
[Site "Internet Chess Club"]
[Date "2020.07.03"]
[Round "5"]
[White "Goran21"]
[Black "Bo002"]
[Result "1-0"]
[WhiteElo "1650"]
[BlackElo "1650"]
[PlyCount "139"]
[EventDate "2020.??.??"]

1. e4 c5 2. Nf3 Nc6 3. d3 e5 4. c3 Be7 5. d4 cxd4 6. cxd4 exd4 7. Nxd4 Nf6 8.
Nc3 O-O 9. Bc4 Nxe4 10. Nxe4 d5 11. Nxc6 bxc6 12. Bb3 dxe4 13. Bd2 Ba6 14. Qc2
Bf6 15. O-O-O Bd3 16. Qc5 a5 17. Bc3 a4 18. Bc2 Bg5+ 19. Kb1 Bxc2+ 20. Kxc2 Qe7
21. Qc4 a3 22. b3 Bf6 23. Rhe1 Rfe8 24. f3 Bxc3 25. Qxc3 Qh4 26. fxe4 Qxh2 27.
Rd2 Rad8 28. Ree2 Rxd2+ 29. Rxd2 h6 30. Qxc6 Qe5 31. Re2 Qb2+ 32. Kd3 Rd8+ 33.
Ke3 Qd4+ 34. Kf3 Rd6 35. Qc8+ Kh7 36. Qf5+ Kg8 37. e5 Rc6 38. Re3 Rc1 39. Qe4
Rf1+ 40. Kg3 Qd1 41. e6 Qd6+ 42. Qe5 Qxe5+ 43. Rxe5 fxe6 44. Ra5 e5 45. Rxa3 e4
46. Ra4 e3 47. Re4 Ra1 48. a4 Re1 49. Kf3 e2 50. Rxe2 Rb1 51. Re3 Kf7 52. a5 g5
53. Rc3 Rf1+ 54. Ke2 Ra1 55. b4 Ra2+ 56. Kf3 h5 57. Rb3 Ke7 58. b5 Kd7 59. b6
Kc8 60. b7+ Kb8 61. Rb5 Ra3+ 62. Kf2 Ra2+ 63. Ke3 Rxg2 64. a6 Ra2 65. Rb6 h4
66. Rc6 Rb2 67. Rc8+ Ka7 68. Ra8+ Kb6 69. b8=Q+ Kc5 70. Qxb2 1-0

[Event "ICC tourney 1897 (3 2)"]
[Site "Internet Chess Club"]
[Date "2020.07.03"]
[Round "14"]
[White "Kokoro"]
[Black "tsohal"]
[Result "0-1"]
[WhiteElo "1770"]
[BlackElo "1887"]
[PlyCount "90"]
[EventDate "2020.??.??"]

1. d4 Nf6 2. c4 e6 3. Nc3 Bb4 4. e3 b6 5. Nge2 c5 6. a3 Ba5 7. Rb1 Qe7 8. Bd2
O-O 9. b4 cxb4 10. Nb5 Nc6 11. axb4 Nxb4 12. Nec3 Nc6 13. d5 exd5 14. Nxd5 Nxd5
15. cxd5 Bxd2+ 16. Qxd2 Ne5 17. d6 Qf6 18. Be2 Bb7 19. O-O Qg6 20. f3 Bc6 21.
Nc7 Rab8 22. e4 f5 23. Qf4 Nf7 24. exf5 Qxd6 25. Qxd6 Nxd6 26. g4 Rbc8 27. Na6
Nb7 28. Rfd1 h6 29. Kf2 Rfe8 30. Nb4 Nc5 31. Rbc1 a5 32. Nd5 Bxd5 33. Rxd5 Kf8
34. Rb1 Rb8 35. Rd6 a4 36. Rdxb6 Rxb6 37. Rxb6 Ra8 38. Bc4 Ke7 39. Ke3 a3 40.
Ba2 d6 41. Kd4 Ra4+ 42. Kc3 Rf4 43. Bd5 Na4+ 44. Kb3 Nxb6 45. Kxa3 Nxd5 0-1

[Event "ICC tourney 1897 (3 2)"]
[Site "Internet Chess Club"]
[Date "2020.07.03"]
[Round "4"]
[White "Kokoro"]
[Black "Wizard98"]
[Result "0-1"]
[WhiteElo "1912"]
[BlackElo "1588"]
[PlyCount "66"]
[EventDate "2020.??.??"]

1. c4 Nf6 2. Nc3 g6 3. e4 d6 4. d4 Bg7 5. Be2 O-O 6. Nf3 Qe8 7. O-O e5 8. d5 a5
9. Bg5 Na6 10. Nd2 h6 11. Be3 Bd7 12. a3 a4 13. Rc1 Nh7 14. f3 f5 15. Bd3 f4
16. Bf2 g5 17. Bc2 Nc5 18. Qe2 h5 19. Nb5 Rc8 20. Nb1 g4 21. N1c3 Qg6 22. Kh1
g3 23. Bg1 h4 24. Nxa4 Nxa4 25. Bxa4 h3 26. Nc3 c6 27. Rfd1 Ng5 28. Rd2 hxg2+
29. Qxg2 Bh3 30. Qe2 g2+ 31. Qxg2 Bxg2+ 32. Rxg2 Qh5 33. Rf1 Kh8 0-1

[Event "ICC tourney 1897 (3 2)"]
[Site "Internet Chess Club"]
[Date "2020.07.03"]
[Round "14"]
[White "Goran21"]
[Black "MrNormalName"]
[Result "1-0"]
[WhiteElo "1795"]
[BlackElo "1779"]
[PlyCount "61"]
[EventDate "2020.??.??"]

1. e4 e5 2. Nf3 Nc6 3. Bb5 Nf6 4. Bxc6 dxc6 5. d3 Bd6 6. h3 Be6 7. Ng5 Bd7 8.
O-O O-O 9. Nf3 c5 10. c3 Re8 11. Re1 Be6 12. d4 cxd4 13. cxd4 Bb4 14. Bd2 Bxd2
15. Qxd2 exd4 16. Nxd4 c5 17. Nxe6 Rxe6 18. Qc2 Qe7 19. Nc3 Re8 20. f3 Nh5 21.
Nd5 Qg5 22. Nc7 Nf4 23. Nxe6 Rxe6 24. Rad1 Nxh3+ 25. Kf1 Nf4 26. Qf2 Rh6 27.
Qg3 Rh1+ 28. Kf2 Qxg3+ 29. Kxg3 Ne2+ 30. Kf2 Rxe1 31. Rd8# 1-0

[Event "ICC tourney 1897 (3 2)"]
[Site "Internet Chess Club"]
[Date "2020.07.03"]
[Round "12"]
[White "fishbein"]
[Black "MrNormalName"]
[Result "1-0"]
[WhiteElo "2464"]
[BlackElo "1793"]
[PlyCount "77"]
[EventDate "2020.??.??"]

1. e4 e5 2. Nf3 Nc6 3. Bb5 Nf6 4. d3 Bc5 5. O-O Nd4 6. Nxd4 Bxd4 7. Nd2 c6 8.
Ba4 d6 9. Nf3 Bb6 10. h3 O-O 11. c3 Bc7 12. Re1 Re8 13. Bb3 h6 14. a4 d5 15.
Qe2 Qe7 16. Bd2 Bd7 17. a5 a6 18. Bc2 Rad8 19. b4 Bc8 20. Bb3 Bd6 21. Rad1 Bc7
22. Be3 dxe4 23. dxe4 Nxe4 24. Qc2 Bf5 25. Qb2 Ng5 26. Nxg5 hxg5 27. Bc5 Qf6
28. Qe2 e4 29. Bd4 Qd6 30. g3 Qh6 31. Qe3 Bxh3 32. Bb6 Bxb6 33. Qxb6 Rxd1 34.
Rxd1 Bg4 35. Rd8 Rxd8 36. Qxd8+ Kh7 37. Bxf7 Qf6 38. Qg8+ Kh6 39. Qh8# 1-0

[Event "ICC tourney 1897 (3 2)"]
[Site "Internet Chess Club"]
[Date "2020.07.03"]
[Round "11"]
[White "MrNormalName"]
[Black "helavir"]
[Result "0-1"]
[WhiteElo "1794"]
[BlackElo "2126"]
[PlyCount "144"]
[EventDate "2020.??.??"]

1. d4 d5 2. c4 e6 3. Nc3 c6 4. e3 Nf6 5. Nf3 a6 6. b3 Bb4 7. Bb2 Qa5 8. Qc2 Ne4
9. Rc1 Qxa2 10. Bd3 Bxc3+ 11. Bxc3 Qxc2 12. Rxc2 Nxc3 13. Rxc3 b6 14. O-O Bb7
15. e4 dxe4 16. Bxe4 Nd7 17. Re1 Nf6 18. Bd3 O-O-O 19. b4 Kc7 20. b5 c5 21.
dxc5 bxc5 22. Ne5 Rhf8 23. bxa6 Bxa6 24. Ra1 Bb7 25. Rb3 Ra8 26. Rab1 Ra7 27.
g4 Bc6 28. g5 Nd7 29. Nxc6 Kxc6 30. Be4+ Kd6 31. Rd1+ Ke7 32. Bc6 Ne5 33. Be4
h6 34. gxh6 gxh6 35. Rb5 Rc7 36. Rc1 Rd8 37. Bg2 Rd4 38. Bf1 Nf3+ 39. Kg2 Nh4+
40. Kg3 Nf5+ 41. Kg2 Rf4 42. Ra1 Nd6 43. Rb8 Nxc4 44. Rh8 Ne5 45. Rxh6 c4 46.
Rc1 c3 47. Rh3 c2 48. Bd3 Rg4+ 49. Kf1 Rh4 50. Rg3 Nxd3 51. Rxd3 Rxh2 52. Kg1
Rh5 53. Kf1 Rhc5 54. Ke2 Rc3 55. Rxc3 Rxc3 56. Kd2 Rc5 57. Rxc2 Rxc2+ 58. Kxc2
Kd6 59. Kd3 Ke5 60. Ke3 Kf5 61. Kf3 e5 62. Ke3 e4 63. Kd2 Kf4 64. Ke2 f6 65.
Kd2 Kf3 66. Ke1 e3 67. fxe3 Kxe3 68. Kf1 Kf3 69. Ke1 f5 70. Kf1 f4 71. Kg1 Ke2
72. Kg2 f3+ 0-1

[Event "ICC tourney 1897 (3 2)"]
[Site "Internet Chess Club"]
[Date "2020.07.03"]
[Round "5"]
[White "MrNormalName"]
[Black "Venom2020"]
[Result "0-1"]
[WhiteElo "1754"]
[BlackElo "1756"]
[PlyCount "192"]
[EventDate "2020.??.??"]

1. d4 f5 2. g3 Nf6 3. Bg2 g6 4. Nf3 Bg7 5. O-O O-O 6. c4 d6 7. Nc3 c6 8. d5 e5
9. dxe6 Bxe6 10. b3 Qe7 11. Qc2 a5 12. Bb2 Na6 13. Rad1 Rad8 14. Ng5 Nc5 15.
Nxe6 Qxe6 16. Rfe1 Rfe8 17. e3 Qe7 18. Ne2 Nfe4 19. Bxg7 Qxg7 20. Nd4 Qe5 21.
Nf3 Qf6 22. a3 Qc3 23. Qxc3 Nxc3 24. Rc1 N3e4 25. Rb1 Nc3 26. Rbc1 N3e4 27. Rb1
Nd3 28. Rf1 Ra8 29. Ra1 Ra6 30. Nd4 Rb6 31. Ra2 Ndc5 32. Rb2 Nd3 33. Rc2 Ndc5
34. Rb1 Kf7 35. f3 Nf6 36. Kf2 Nd3+ 37. Ke2 Ne5 38. Rd1 d5 39. c5 Ra6 40. Kf2
Raa8 41. Bf1 Ned7 42. Bd3 Re7 43. h3 Ne5 44. Be2 Rae8 45. Rc3 Ned7 46. g4 fxg4
47. hxg4 h6 48. Rh1 Kg7 49. Bd1 Ne5 50. Bc2 Nf7 51. Bb1 Ng5 52. Nc2 Nge4+ 53.
fxe4 Nxe4+ 54. Kf3 Nxc3 55. Re1 Rf7+ 56. Kg2 Ne4 57. Nd4 Rf2+ 58. Kg1 Rb2 59.
Bd3 Nxc5 60. Bc2 Ne6 61. Nxe6+ Rxe6 62. Re2 Re4 63. Kf2 Rxg4 64. Ke1 Ra2 65. a4
Ra1+ 66. Kd2 Rag1 67. Kc3 R1g2 68. Re1 Rb4 69. e4 dxe4 70. Bxe4 Rg3+ 71. Bd3
Kf6 72. Rf1+ Kg5 73. Rf7 Rf4 74. Rxb7 Rff3 75. Rd7 Rxd3+ 76. Rxd3 Rxd3+ 77.
Kxd3 c5 78. Kc4 h5 79. Kxc5 h4 80. b4 h3 81. bxa5 h2 82. a6 h1=Q 83. a7 Qa8 84.
Kb6 Kf6 85. a5 Ke6 86. Ka6 Kd6 87. Kb6 Kd7 88. Ka6 g5 89. Kb6 g4 90. Ka6 Kc7
91. Kb5 Qxa7 92. a6 g3 93. Ka5 g2 94. Kb5 g1=Q 95. Ka5 Qgb6+ 96. Ka4 Qaxa6# 0-1

[Event "ICC tourney 1897 (3 2)"]
[Site "Internet Chess Club"]
[Date "2020.07.03"]
[Round "15"]
[White "dopolian"]
[Black "MasterZachary"]
[Result "1-0"]
[WhiteElo "2105"]
[BlackElo "2203"]
[PlyCount "151"]
[EventDate "2020.??.??"]

1. e4 e5 2. Nf3 Nc6 3. Bb5 a6 4. Ba4 d6 5. O-O Nf6 6. Re1 Be7 7. c3 O-O 8. h3
b5 9. Bb3 Na5 10. Bc2 c5 11. d4 Qc7 12. Nbd2 cxd4 13. cxd4 Nc6 14. d5 Nb4 15.
Bb1 a5 16. a3 Na6 17. Nf1 a4 18. Bg5 h6 19. Be3 Nc5 20. Ng3 Nb3 21. Ra2 Bd7 22.
Bc2 Nc5 23. Ra1 Rfc8 24. Rc1 Qd8 25. Qe2 Rc7 26. Nh2 Rac8 27. Ng4 Nxg4 28. hxg4
Bg5 29. Nf5 Bxf5 30. gxf5 Bxe3 31. Qxe3 Qg5 32. Qxg5 hxg5 33. Bb1 f6 34. Rc3
Nb3 35. Rxc7 Rxc7 36. Bd3 Nd4 37. f3 Rb7 38. Rc1 b4 39. axb4 Rxb4 40. Rc4 Rxb2
41. Rxa4 Rd2 42. Ba6 Nc2 43. Ra2 Rd1+ 44. Kf2 Rd2+ 45. Kg3 Kf7 46. Bb5 Ke7 47.
Bc4 g4 48. Bb3 gxf3 49. gxf3 Nd4 50. Rxd2 Nxb3 51. Ra2 Nc5 52. Ra7+ Kf8 53. Kf2
Nd3+ 54. Ke3 Nc5 55. Kd2 Nb3+ 56. Kc3 Nc5 57. Kc4 Kg8 58. Rc7 Na4 59. Rc6 Nb2+
60. Kc3 Nd1+ 61. Kd2 Nb2 62. Kc2 Na4 63. Kb3 Nc5+ 64. Rxc5 dxc5 65. Kc4 Kf8 66.
Kxc5 Ke7 67. Kc6 Kd8 68. Kd6 Ke8 69. Ke6 Kf8 70. d6 Ke8 71. d7+ Kd8 72. Kf7
Kxd7 73. Kxg7 Ke7 74. Kg6 Kd6 75. Kxf6 Kc5 76. Kxe5 1-0

[Event "ICC tourney 1897 (3 2)"]
[Site "Internet Chess Club"]
[Date "2020.07.03"]
[Round "14"]
[White "MasterZachary"]
[Black "penguingm1"]
[Result "0-1"]
[WhiteElo "2220"]
[BlackElo "2807"]
[PlyCount "38"]
[EventDate "2020.??.??"]

1. e4 e5 2. Nf3 Nc6 3. Bc4 Bc5 4. c3 Nf6 5. d3 a6 6. Nbd2 Ba7 7. a4 O-O 8. O-O
d6 9. h3 Be6 10. Re1 Nh5 11. Nxe5 Qh4 12. Bxe6 Qxf2+ 13. Kh1 Ng3+ 14. Kh2 Qf4
15. d4 Nxd4 16. Ndf3 Nxf3+ 17. gxf3 Nf1+ 18. Kg2 Qg3+ 19. Kxf1 Qf2# 0-1

[Event "ICC tourney 1897 (3 2)"]
[Site "Internet Chess Club"]
[Date "2020.07.03"]
[Round "13"]
[White "MasterZachary"]
[Black "Goran21"]
[Result "1-0"]
[WhiteElo "2221"]
[BlackElo "1778"]
[PlyCount "119"]
[EventDate "2020.??.??"]

1. e4 e5 2. Nf3 Nc6 3. Bc4 Bc5 4. c3 d6 5. d4 exd4 6. cxd4 Bb6 7. h3 h6 8. O-O
Nf6 9. Nc3 O-O 10. Bb3 Re8 11. Re1 Bd7 12. e5 dxe5 13. dxe5 Nh7 14. Bf4 Be6 15.
Bxe6 fxe6 16. Qc2 Rf8 17. Rad1 Qe7 18. Bg3 Rf5 19. Nh4 Rg5 20. Ne4 Rxg3 21.
Nxg3 Qxh4 22. Qg6 Nf8 23. Qg4 Qxg4 24. hxg4 Ng6 25. g5 hxg5 26. Ne4 Ngxe5 27.
Nxg5 Rf8 28. Re2 Rf6 29. Rde1 Rg6 30. Rxe5 Nxe5 31. Rxe5 Bd4 32. Re4 Rxg5 33.
Rxd4 Rd5 34. Rc4 c5 35. b4 b6 36. bxc5 bxc5 37. Ra4 Rd7 38. Ra6 Kf7 39. Rc6
Rd1+ 40. Kh2 Rd2 41. a4 Rxf2 42. Rxc5 Kf6 43. Ra5 Ra2 44. Rxa7 e5 45. a5 e4 46.
Kg3 g5 47. Ra8 e3 48. Kf3 e2 49. Kf2 g4 50. g3 Ra3 51. a6 Re3 52. Ke1 Rxg3 53.
a7 Kg7 54. Rb8 Rg1+ 55. Kxe2 Rg2+ 56. Kf1 Ra2 57. a8=Q Rxa8 58. Rxa8 Kf6 59.
Kf2 Kg5 60. Kg3 1-0

[Event "ICC tourney 1897 (3 2)"]
[Site "Internet Chess Club"]
[Date "2020.07.03"]
[Round "11"]
[White "Bo002"]
[Black "MasterZachary"]
[Result "1-0"]
[WhiteElo "1794"]
[BlackElo "2219"]
[PlyCount "75"]
[EventDate "2020.??.??"]

1. d4 d5 2. Nf3 Nf6 3. c4 dxc4 4. e3 a6 5. Bxc4 e6 6. O-O c5 7. Qe2 Nc6 8. Nc3
b5 9. Bb3 b4 10. d5 exd5 11. Nxd5 Nxd5 12. Rd1 Be7 13. e4 Bg4 14. Ba4 Bd7 15.
Rxd5 Qc7 16. Qd3 Rd8 17. Be3 O-O 18. Rd1 Ne5 19. Nxe5 Bxa4 20. b3 Bb5 21. Qc2
Rxd5 22. Rxd5 Rd8 23. Qd2 Rxd5 24. Qxd5 Qd6 25. Qxf7+ Kh8 26. Qd5 Qxd5 27. exd5
Kg8 28. f4 Kf8 29. Kf2 Bd6 30. Kf3 Ke7 31. h4 Kd8 32. h5 Kc7 33. Nc4 Bd7 34. g4
h6 35. f5 Be8 36. f6 gxf6 37. Bxh6 f5 38. Bg7 1-0

[Event "ICC tourney 1897 (3 2)"]
[Site "Internet Chess Club"]
[Date "2020.07.03"]
[Round "10"]
[White "MasterZachary"]
[Black "Sina101"]
[Result "1-0"]
[WhiteElo "2241"]
[BlackElo "1394"]
[PlyCount "161"]
[EventDate "2020.??.??"]

1. e4 c5 2. Nf3 e6 3. d4 cxd4 4. Nxd4 Nc6 5. Nc3 Qc7 6. g3 a6 7. Bg2 d6 8. O-O
Bd7 9. Re1 Be7 10. Nxc6 Bxc6 11. Qg4 h5 12. Qe2 h4 13. Bf4 e5 14. Be3 Qd7 15.
Nd5 Bxd5 16. exd5 f5 17. c4 Nf6 18. Rad1 Kf7 19. c5 e4 20. f3 hxg3 21. hxg3 Rh7
22. Rf1 exf3 23. Qxf3 g6 24. Bg5 Ne4 25. Qxe4 Bxg5 26. c6 bxc6 27. dxc6 Qa7+
28. Rf2 Qxf2+ 29. Kxf2 fxe4 30. Bxe4 Ke7 31. Kg2 Rah8 32. Bxg6 Rh2+ 33. Kf3
Rf8+ 34. Kg4 Bf6 35. Bf5 Rg8+ 36. Kf3 Be5 37. c7 Rxg3+ 38. Ke4 Rh4+ 39. Kd5 Rg8
40. c8=Q Rxc8 41. Bxc8 a5 42. b3 Kd8 43. Ba6 Kd7 44. Bb5+ Kc7 45. a4 Kb6 46.
Ke6 Rh6+ 47. Kf5 Rh5+ 48. Kg4 Rh2 49. Rc1 Rh6 50. Rc6+ Kb7 51. Kf5 Rh5+ 52. Ke6
Rh6+ 53. Kd5 Rh5 54. Ba6+ Ka7 55. Be2 Rg5 56. Ke6 Rg6+ 57. Kf7 Rf6+ 58. Ke7 Rf2
59. Bc4 Rh2 60. Ra6+ Kb7 61. Rxa5 Rh7+ 62. Ke6 Rh6+ 63. Kd5 Rh5 64. Rb5+ Kc7
65. Ke4 Rh4+ 66. Kf5 Rh5+ 67. Kg6 Rh8 68. Bd5 Rb8 69. Ra5 Bd4 70. Ra6 Rb6 71.
Ra7+ Kb8 72. Rd7 Bc5 73. a5 Rb4 74. a6 Rd4 75. Rb7+ Ka8 76. Bc6 Rg4+ 77. Kf5
Rd4 78. Rd7+ Kb8 79. Rb7+ Ka8 80. b4 Ba7 81. Rb5# 1-0

[Event "ICC tourney 1897 (3 2)"]
[Site "Internet Chess Club"]
[Date "2020.07.03"]
[Round "8"]
[White "MasterZachary"]
[Black "Pschaak"]
[Result "1/2-1/2"]
[WhiteElo "2240"]
[BlackElo "2035"]
[PlyCount "117"]
[EventDate "2020.??.??"]

1. e4 c6 2. d4 d5 3. exd5 cxd5 4. Bd3 Nc6 5. c3 Qc7 6. Bg5 Nf6 7. Nd2 Bg4 8.
Ngf3 e6 9. Bh4 Bd6 10. Qc2 a6 11. a4 Bh5 12. O-O Bg6 13. Rac1 Rc8 14. Qb1 b5
15. axb5 axb5 16. Rfe1 O-O 17. Bxg6 hxg6 18. Qd3 b4 19. c4 dxc4 20. Nxc4 Bf4
21. Bg3 Bxg3 22. hxg3 Qe7 23. Nb6 Rc7 24. d5 Qd6 25. Red1 exd5 26. Nxd5 Nxd5
27. Qxd5 Qxd5 28. Rxd5 Rcc8 29. Rc4 Ne7 30. Rdd4 Rxc4 31. Rxc4 Rb8 32. Ne5 f6
33. Nd3 b3 34. Rb4 Rxb4 35. Nxb4 Kf7 36. Nd3 Nc6 37. Nc5 Na5 38. Kf1 Nc4 39.
Na4 Ke6 40. Ke2 Kd5 41. Kd3 Ne5+ 42. Kc3 Ng4 43. f3 Ne3 44. Kxb3 Nxg2 45. Kc3
Ne1 46. f4 g5 47. fxg5 fxg5 48. b4 Nf3 49. b5 Ne5 50. b6 Nd7 51. Kd3 Kc6 52.
Ke4 Kb5 53. Nc3+ Kxb6 54. Kf5 Kc6 55. Ke6 Nf6 56. Kf7 Nh5 57. Ne4 g4 58. Kg6
Nxg3 59. Nxg3 1/2-1/2

[Event "ICC tourney 1897 (3 2)"]
[Site "Internet Chess Club"]
[Date "2020.07.03"]
[Round "7"]
[White "justinchess"]
[Black "MasterZachary"]
[Result "1-0"]
[WhiteElo "2137"]
[BlackElo "2249"]
[PlyCount "85"]
[EventDate "2020.??.??"]

1. d4 d5 2. c4 dxc4 3. Nf3 a6 4. e3 Nf6 5. Bxc4 e6 6. O-O c5 7. Bd3 Nc6 8. Nc3
b5 9. a4 b4 10. Ne4 cxd4 11. Nxf6+ Qxf6 12. exd4 h6 13. Re1 Be7 14. Be4 Bb7 15.
Ne5 Rc8 16. Ng4 Qh4 17. g3 Qh3 18. Bg2 Qxg2+ 19. Kxg2 Nxd4+ 20. Kf1 Nc2 21. Bf4
Nxa1 22. Qxa1 h5 23. Ne5 h4 24. Qd1 Bd5 25. Qg4 g5 26. Bxg5 Rg8 27. gxh4 f6 28.
Qh5+ Kd8 29. Qh7 Rf8 30. Ng6 Bc4+ 31. Kg1 Re8 32. Nxe7 fxg5 33. Rd1+ Kc7 34.
hxg5 Rh8 35. Qg7 Kb8 36. Nxc8 Rxc8 37. Qf6 Bd5 38. Rxd5 exd5 39. Qb6+ Ka8 40.
Qxa6+ Kb8 41. Qb6+ Ka8 42. Qa6+ Kb8 43. Qxc8+ 1-0

[Event "ICC tourney 1897 (3 2)"]
[Site "Internet Chess Club"]
[Date "2020.07.03"]
[Round "6"]
[White "MasterZachary"]
[Black "Visam"]
[Result "0-1"]
[WhiteElo "2272"]
[BlackElo "2668"]
[PlyCount "56"]
[EventDate "2020.??.??"]

1. e4 e5 2. Nf3 Nc6 3. Bc4 Bc5 4. c3 Nf6 5. d3 d6 6. Nbd2 a5 7. a4 O-O 8. Nf1
d5 9. exd5 Nxd5 10. Ng3 Kh8 11. O-O f6 12. Qb3 Nb6 13. Bb5 Bg4 14. Nd2 Be7 15.
h3 Bd7 16. Nf3 Qc8 17. Be3 Be6 18. Qc2 Nd5 19. Ne4 Na7 20. d4 Nxb5 21. axb5
Bxh3 22. gxh3 Qxh3 23. Ned2 f5 24. dxe5 f4 25. Bd4 Rf5 26. Qe4 Rh5 27. Nh4 Rxh4
28. Qg2 Rg4 0-1

[Event "ICC tourney 1897 (3 2)"]
[Site "Internet Chess Club"]
[Date "2020.07.03"]
[Round "3"]
[White "MasterZachary"]
[Black "GeneraLisimus"]
[Result "0-1"]
[WhiteElo "2272"]
[BlackElo "2871"]
[PlyCount "66"]
[EventDate "2020.??.??"]

1. e4 c5 2. Nf3 Nc6 3. Nc3 g6 4. d4 cxd4 5. Nxd4 Bg7 6. Be3 Nf6 7. Bc4 O-O 8.
Bb3 d6 9. h3 Na5 10. O-O b6 11. f4 Nxb3 12. axb3 Bb7 13. Qd3 a6 14. f5 b5 15.
b4 Rc8 16. Kh1 Rc4 17. b3 Rxc3 18. Qxc3 Nxe4 19. Qe1 Be5 20. Rf3 Qc7 21. Qh4
Bf6 22. Qh6 Bg7 23. Qh4 g5 24. Qe1 Bf6 25. Rd1 Kh8 26. Bg1 Rg8 27. Re3 g4 28.
Rxe4 gxh3 29. gxh3 Qc8 30. Rd3 Qa8 31. Rde3 Bxd4 32. Re2 Bxe4+ 33. Rxe4 Rxg1+
0-1

[Event "ICC tourney 1897 (3 2)"]
[Site "Internet Chess Club"]
[Date "2020.07.03"]
[Round "14"]
[White "rishibabu"]
[Black "Bo002"]
[Result "0-1"]
[WhiteElo "1574"]
[BlackElo "1813"]
[PlyCount "68"]
[EventDate "2020.??.??"]

1. e4 c5 2. Nf3 Nc6 3. d4 cxd4 4. Nxd4 Nf6 5. Nc3 e5 6. Ndb5 d6 7. Bg5 a6 8.
Na3 b5 9. Nd5 Be7 10. Bxf6 Bxf6 11. c4 b4 12. Nc2 a5 13. b3 O-O 14. g3 Be6 15.
Bg2 Bg5 16. O-O g6 17. h4 Bh6 18. Qd3 f5 19. exf5 gxf5 20. Rad1 e4 21. Qe2 Rb8
22. Qh5 Bg7 23. Nf4 Qe7 24. Ne3 Rbd8 25. Bh3 Bf7 26. Qe2 Be6 27. Nxe6 Qxe6 28.
Qh5 Qg6 29. Qe2 Nd4 30. Rxd4 Bxd4 31. Nd5 Qxg3+ 32. Kh1 Qxh3+ 33. Kg1 Kh8 34.
Ne7 Rg8+ 0-1